[Event "SR Extraliga 2017/2018"]
[Site "?"]
[Date "2018.03.04"]
[Round "11.8"]
[White "Krak, Tomas"]
[Black "Kostolansky, Sebastian Lukas"]
[Result "1/2-1/2"]
[WhiteElo "2266"]
[BlackElo "2229"]
[PlyCount "57"]
[EventDate "2017.??.??"]

1. Nf3 d5 2. g3 Nf6 3. Bg2 e6 4. O-O Be7 5. c4 O-O 6. d4 b6 7. Nc3 Bb7 8. b3
Nbd7 9. Bb2 Ne4 10. Nxe4 dxe4 11. Ne5 Nxe5 12. dxe5 Qxd1 13. Rfxd1 Rfd8 14. Kf1
a5 15. a3 Kf8 16. Ke1 Bc5 17. e3 Ke8 18. Rxd8+ Rxd8 19. Rd1 Rxd1+ 20. Kxd1 Kd7
21. Kc2 Be7 22. Kc3 c5 23. Kc2 Bc6 24. Bc3 Kc7 25. Kb2 Kb7 26. Bd2 Ka6 27. Bf1
g6 28. Be2 Bf8 29. Bc3 1/2-1/2

[Event "SR Extraliga 2017/2018"]
[Site "?"]
[Date "2018.03.04"]
[Round "11.1"]
[White "Miton, Kamil"]
[Black "Gazik, Viktor"]
[Result "1/2-1/2"]
[WhiteElo "2606"]
[BlackElo "2475"]
[PlyCount "59"]
[EventDate "2017.??.??"]

1. d4 Nf6 2. c4 Nc6 3. Nf3 e6 4. g3 Bb4+ 5. Bd2 Bxd2+ 6. Qxd2 d6 7. Nc3 O-O 8.
Rd1 Qe7 9. Bg2 e5 10. O-O Bg4 11. d5 Nb8 12. Nh4 a5 13. Rde1 Na6 14. e4 Rae8
15. Nb5 b6 16. b3 Bd7 17. a3 Nc5 18. b4 Bxb5 19. Nf5 Qd8 20. cxb5 Nb3 21. Qd3
a4 22. Bh3 g6 23. Ne3 Nh5 24. Bg4 Qg5 25. h4 Qh6 26. Bd1 Nd4 27. Ng4 Qg7 28.
Ne3 Qh6 29. Ng4 Qg7 30. Ne3 1/2-1/2

[Event "SR Extraliga 2017/2018"]
[Site "?"]
[Date "2018.03.04"]
[Round "11.2"]
[White "Aczel, Gergely"]
[Black "Antoniewski, Rafal"]
[Result "1-0"]
[WhiteElo "2557"]
[BlackElo "2529"]
[PlyCount "137"]
[EventDate "2017.??.??"]

1. d4 d5 2. c4 e6 3. Nc3 Nf6 4. cxd5 Nxd5 5. e4 Nxc3 6. bxc3 c5 7. Nf3 cxd4 8.
cxd4 Bb4+ 9. Bd2 Bxd2+ 10. Qxd2 O-O 11. Bc4 Nd7 12. O-O b6 13. a4 Bb7 14. Bd3
Nf6 15. Rfe1 h6 16. a5 bxa5 17. Rxa5 Qc7 18. Rc1 Qe7 19. Qe1 Rfd8 20. h3 a6 21.
Qe3 Rac8 22. Rb1 Qc7 23. Ra3 Qe7 24. Rab3 Rc7 25. Ne5 a5 26. Ra1 Ra8 27. Ra4
Bc6 28. Nxc6 Rxc6 29. g3 Qc7 30. Qd2 e5 31. d5 Rc5 32. Kg2 Qd7 33. Rba3 Qc7 34.
Rb3 Qd7 35. Rba3 Qc7 36. Qb2 Rb8 37. Qa2 Ra8 38. Qb2 Rb8 39. Qa1 Ra8 40. Rb3
Nd7 41. Rb5 Rc1 42. Qb2 Qc3 43. Qxc3 Rxc3 44. Bb1 Rc1 45. Rb7 Nc5 46. Rc7 Rc3
47. Ra2 a4 48. d6 Rd8 49. Rd2 Nb3 50. Rd5 Rc1 51. Ba2 Ra1 52. Bxb3 axb3 53. Rb7
Ra6 54. Rxe5 Raxd6 55. Rf5 R8d7 56. Rb8+ Kh7 57. Rxb3 Re6 58. Re3 f6 59. g4
Rde7 60. Kf3 g5 61. h4 Kg7 62. e5 Rf7 63. hxg5 hxg5 64. Kg3 Kg6 65. Ref3 Rfe7
66. Rxf6+ Kg7 67. R3f5 Rxe5 68. Rxe5 Rxe5 69. Rf5 1-0

[Event "SR Extraliga 2017/2018"]
[Site "?"]
[Date "2018.03.04"]
[Round "11.3"]
[White "Bulski, Krzysztof"]
[Black "Vass, Frantisek"]
[Result "1-0"]
[WhiteElo "2537"]
[BlackElo "2319"]
[PlyCount "127"]
[EventDate "2017.??.??"]

1. d4 d5 2. c4 Bf5 3. cxd5 Bxb1 4. Qa4+ Qd7 5. Qxd7+ Nxd7 6. Rxb1 Ngf6 7. Nf3
Nb6 8. a3 Nbxd5 9. e3 e6 10. Bd3 Be7 11. Bd2 O-O 12. b4 c6 13. Ke2 Nd7 14. e4
N5b6 15. Rhc1 Rac8 16. Be3 Bd6 17. e5 Be7 18. Ng5 Bxg5 19. Bxg5 Nd5 20. g3 Rfe8
21. Bd2 f6 22. exf6 gxf6 23. Kf1 Kg7 24. Re1 e5 25. dxe5 Nxe5 26. Be2 Rcd8 27.
Rbd1 Re7 28. f4 Nf7 29. Bg4 Rxe1+ 30. Rxe1 Nd6 31. Bf3 Nc4 32. Bc1 Rd7 33. Bg4
Rd8 34. Kf2 Kg6 35. Be2 Ndb6 36. Bd1 Nd5 37. Bc2+ Kg7 38. Bd3 Ncb6 39. Bc2 Rd7
40. Bf5 Rd8 41. g4 Nc4 42. h4 Ra8 43. Be6 Ncb6 44. g5 fxg5 45. hxg5 Rf8 46. Kg3
Nc4 47. f5 Re8 48. Rh1 Nde3 49. f6+ Kg6 50. Rh6+ Kxg5 51. f7 Rd8 52. Bxc4 Kxh6
53. Bxe3+ Kg7 54. Bxa7 b5 55. Bb6 Rd6 56. f8=Q+ Kxf8 57. Bc5 Ke7 58. Bd3 Kd7
59. Bxd6 Kxd6 60. Kf4 Kd5 61. Ke3 h5 62. Be4+ Kc4 63. Bxc6 h4 64. Bxb5+ 1-0

[Event "SR Extraliga 2017/2018"]
[Site "?"]
[Date "2018.03.04"]
[Round "11.4"]
[White "Farkas, Gabor"]
[Black "Tazbir, Marcin"]
[Result "0-1"]
[WhiteElo "2390"]
[BlackElo "2526"]
[PlyCount "58"]
[EventDate "2017.??.??"]

1. Nf3 d5 2. g3 Nf6 3. Bg2 Bf5 4. c4 c6 5. cxd5 cxd5 6. Qb3 Qd7 7. O-O Nc6 8.
d3 e6 9. Nc3 Bg4 10. Qa4 Be7 11. e4 d4 12. Ne2 e5 13. Bd2 O-O 14. a3 a6 15. Nc1
Rfc8 16. Ne1 Nd8 17. Qxd7 Nxd7 18. f4 f6 19. Bf3 Bxf3 20. Rxf3 Ne6 21. f5 Nec5
22. b4 Na4 23. Nb3 b6 24. Rf2 Nc3 25. Rc1 a5 26. Nc2 Na2 27. Rb1 Rxc2 28. bxa5
Nc3 29. Bxc3 Rxc3 0-1

[Event "SR Extraliga 2017/2018"]
[Site "?"]
[Date "2018.03.04"]
[Round "11.5"]
[White "Jurcik, Martin"]
[Black "Chovan, Milan"]
[Result "1/2-1/2"]
[WhiteElo "2328"]
[BlackElo "2332"]
[PlyCount "37"]
[EventDate "2017.??.??"]

1. e4 e5 2. Nf3 Nc6 3. Bb5 a6 4. Ba4 Nf6 5. O-O b5 6. Bb3 Bb7 7. d4 Nxd4 8.
Nxd4 exd4 9. e5 Ne4 10. c3 d3 11. Qxd3 Nc5 12. Qg3 Nxb3 13. axb3 Qe7 14. c4 Qe6
15. Na3 Qg6 16. Qxg6 hxg6 17. Be3 Bxa3 18. Rxa3 Ke7 19. Ra5 1/2-1/2

[Event "SR Extraliga 2017/2018"]
[Site "?"]
[Date "2018.03.04"]
[Round "11.6"]
[White "Gazik, Igor"]
[Black "Kantorik, Marian"]
[Result "1-0"]
[WhiteElo "2242"]
[BlackElo "2313"]
[PlyCount "111"]
[EventDate "2017.??.??"]

1. e4 c6 2. d4 g6 3. Nc3 Bg7 4. Be3 d5 5. Qd2 dxe4 6. Nxe4 Nf6 7. Nxf6+ Bxf6 8.
Nf3 Bg4 9. Be2 Nd7 10. Rd1 Nb6 11. b3 O-O 12. O-O Nd5 13. Bh6 Bg7 14. Bxg7 Kxg7
15. c4 Nf6 16. Rfe1 Qd6 17. Ne5 Bxe2 18. Rxe2 Rad8 19. Re3 h5 20. Rd3 Ng8 21.
Qa5 a6 22. Qb6 Qb8 23. Re3 Rd6 24. h3 Rfd8 25. Nf3 Qc8 26. Qc5 Re6 27. Rxe6
Qxe6 28. Qb6 Qc8 29. Ne5 Rd6 30. Nd3 Rd7 31. Nc5 Rc7 32. a4 Nf6 33. Qb4 Nd7 34.
Ne4 Nf6 35. Nxf6 exf6 36. d5 cxd5 37. Rxd5 Rd7 38. Qd2 Rxd5 39. Qxd5 b6 40. a5
bxa5 41. Qxa5 Qe6 42. Qc3 Kf8 43. h4 Ke7 44. b4 Kd7 45. Qd4+ Kc6 46. Qc5+ Kb7
47. Kf1 g5 48. Qd5+ Qxd5 49. cxd5 f5 50. Ke2 Kc7 51. Kd3 Kd6 52. Kd4 f4 53. f3
f6 54. Kc4 g4 55. Kd4 f5 56. Kc4 1-0

[Event "SR Extraliga 2017/2018"]
[Site "?"]
[Date "2018.03.04"]
[Round "11.7"]
[White "Lisko, Frantisek"]
[Black "Vymazal, Bronislav"]
[Result "1/2-1/2"]
[WhiteElo "2277"]
[BlackElo "2339"]
[PlyCount "87"]
[EventDate "2017.??.??"]

1. d4 Nf6 2. c4 e6 3. Nc3 Bb4 4. e3 b6 5. Bd3 Bb7 6. Nf3 O-O 7. O-O Bxc3 8.
bxc3 d6 9. Nd2 e5 10. e4 c5 11. d5 Nbd7 12. g3 Re8 13. f4 exf4 14. gxf4 Nf8 15.
h3 Re7 16. Kh2 Qe8 17. Qf3 Qa4 18. Rg1 N8d7 19. Nf1 g6 20. Ng3 Kh8 21. e5 dxe5
22. fxe5 Rxe5 23. Bf4 Rae8 24. Bxe5 Rxe5 25. Nf5 Ba6 26. Nd6 Kg7 27. Rg2 Kf8
28. Re2 Rxe2+ 29. Qxe2 Qa3 30. Re1 Qxc3 31. Bf5 Qd4 32. Bxd7 Qf4+ 33. Kh1 Qxd6
34. Bc6 Qg3 35. Qe3 Qxe3 36. Rxe3 Bxc4 37. d6 Be6 38. Kh2 h5 39. Kg3 c4 40. Kf4
a5 41. Ke5 Kg7 42. Rf3 Nd7+ 43. Bxd7 Bxd7 44. h4 1/2-1/2

[Event "SR Extraliga 2017/2018"]
[Site "?"]
[Date "2018.03.04"]
[Round "11.1"]
[White "Ponizil, Cyril"]
[Black "Michalicka, Milan"]
[Result "1-0"]
[WhiteElo "2484"]
[BlackElo "2164"]
[PlyCount "109"]
[EventDate "2017.??.??"]

1. e4 c5 2. Nf3 g6 3. c3 Bg7 4. d4 cxd4 5. cxd4 d5 6. e5 Bg4 7. Be3 e6 8. Qb3
Qd7 9. Nfd2 Ne7 10. f3 Bf5 11. Na3 h5 12. Be2 h4 13. O-O Nbc6 14. Nb5 Nc8 15.
Rac1 a6 16. Nc3 Nxe5 17. dxe5 d4 18. Nb5 Bxe5 19. Nc4 Bxh2+ 20. Kxh2 d3 21. Ne5
Qxb5 22. Qxb5+ axb5 23. Bxd3 Bxd3 24. Nxd3 Ne7 25. Bc5 Nd5 26. Nb4 Rh5 27. Nxd5
Rxd5 28. Ba3 Ra4 29. Bc5 Rxa2 30. Rf2 Ra4 31. Rfc2 g5 32. Be3 g4 33. fxg4 Rxg4
34. Rc7 Re4 35. Bf2 Rd7 36. Rc8+ Rd8 37. Rxd8+ Kxd8 38. Kh3 Re2 39. Bxh4+ Kd7
40. b4 Re4 41. Rd1+ Kc6 42. Be7 f5 43. Rd6+ Kc7 44. Rd3 b6 45. Kg3 Kc6 46. Kf3
Kc7 47. Bd6+ Kc6 48. Bf8 e5 49. Rd1 Rc4 50. Rd6+ Kc7 51. Rd5 Rc3+ 52. Kf2 Rc2+
53. Kg1 Rc1+ 54. Kh2 Re1 55. Bd6+ 1-0

[Event "SR Extraliga 2017/2018"]
[Site "?"]
[Date "2018.03.04"]
[Round "11.2"]
[White "Haring, Viktor"]
[Black "Motuz, Karol"]
[Result "0-1"]
[WhiteElo "2306"]
[BlackElo "2407"]
[PlyCount "52"]
[EventDate "2017.??.??"]

1. e4 e6 2. d4 d5 3. Nd2 Be7 4. Bd3 c5 5. dxc5 Nf6 6. Ngf3 O-O 7. O-O a5 8.
exd5 exd5 9. Nb3 a4 10. Nbd4 Bxc5 11. h3 Qb6 12. Be3 Re8 13. Rb1 Ne4 14. b4
axb3 15. Rxb3 Qf6 16. Re1 b6 17. Nb5 Na6 18. Bxe4 dxe4 19. Bxc5 Nxc5 20. Nc7
Rd8 21. Qe2 Rxa2 22. Qb5 h6 23. Rbe3 Bd7 24. Qc4 Ra4 25. Qd5 Bc6 26. Qh5 exf3
0-1

[Event "SR Extraliga 2017/2018"]
[Site "?"]
[Date "2018.03.04"]
[Round "11.3"]
[White "Roubalik, Jakub"]
[Black "Haring, Filip"]
[Result "1-0"]
[WhiteElo "2385"]
[BlackElo "2337"]
[PlyCount "89"]
[EventDate "2017.??.??"]

1. d4 Nf6 2. c4 e6 3. Nf3 Bb4+ 4. Nbd2 O-O 5. a3 Be7 6. e4 d5 7. e5 Nfd7 8. b4
a5 9. b5 c5 10. Bb2 b6 11. Bd3 Bb7 12. Qc2 h6 13. O-O cxd4 14. cxd5 Bxd5 15.
Nxd4 Nc5 16. Bc4 Bb7 17. Rad1 Qc7 18. f4 Nbd7 19. Ba2 Rac8 20. Bb1 g6 21. Rde1
Rfd8 22. f5 exf5 23. Nxf5 Bf8 24. Nd6 Bxd6 25. exd6 Qxd6 26. Qc3 f6 27. Nc4 Qd5
28. Qg3 g5 29. Nd6 Rb8 30. Nf5 Re8 31. Nxh6+ Kf8 32. Rd1 Qe6 33. Ng4 Kg8 34.
Bxf6 Be4 35. Qh3 Nxf6 36. Nxf6+ Kg7 37. Nxe8+ Rxe8 38. Qxe6 Rxe6 39. Bxe4 Rxe4
40. Rd6 Na4 41. Rc1 Re7 42. h3 Rb7 43. Rcc6 Re7 44. Rg6+ Kf7 45. Rcf6+ 1-0

[Event "SR Extraliga 2017/2018"]
[Site "?"]
[Date "2018.03.04"]
[Round "11.4"]
[White "Sorkovsky, Miroslav"]
[Black "Piesik, Piotr"]
[Result "0-1"]
[WhiteElo "2122"]
[BlackElo "2374"]
[PlyCount "42"]
[EventDate "2017.??.??"]

1. e4 g6 2. Nc3 Bg7 3. f4 c6 4. Nf3 d5 5. e5 d4 6. Ne4 Bf5 7. Ng3 Be6 8. Ng5
Bd5 9. c4 dxc3 10. dxc3 f6 11. Nf3 Nd7 12. c4 Bf7 13. Qe2 fxe5 14. Ng5 Nh6 15.
Nxf7 Nxf7 16. f5 Nf6 17. Bd2 Qd7 18. fxg6 hxg6 19. O-O-O O-O-O 20. h3 Rh4 21.
Be3 Rxc4+ 0-1

[Event "SR Extraliga 2017/2018"]
[Site "?"]
[Date "2018.03.04"]
[Round "11.5"]
[White "Vojtek, Vladimir"]
[Black "Stricova, Zuzana"]
[Result "1-0"]
[WhiteElo "2291"]
[BlackElo "2189"]
[PlyCount "83"]
[EventDate "2017.??.??"]

1. e4 e5 2. Nf3 Nf6 3. Nxe5 d6 4. Nf3 Nxe4 5. Qe2 Qe7 6. d3 Nf6 7. Bg5 Qxe2+ 8.
Bxe2 Be7 9. h3 h6 10. Bd2 c6 11. c4 d5 12. O-O O-O 13. Nc3 Nbd7 14. Rfe1 Bd6
15. Nd4 dxc4 16. dxc4 Nc5 17. Bf1 Bd7 18. Rad1 Rfe8 19. Rxe8+ Rxe8 20. Be3 Bf8
21. b4 Nce4 22. Nxe4 Rxe4 23. b5 c5 24. Nb3 b6 25. a4 Bf5 26. Bd3 Re5 27. Bxf5
Rxf5 28. Rd8 Re5 29. Bf4 Re1+ 30. Kh2 Re8 31. Rb8 g5 32. Bg3 Kg7 33. a5 Re4 34.
axb6 axb6 35. Rxb6 Rxc4 36. Be5 Be7 37. Nd2 Rd4 38. Bxd4 cxd4 39. Nc4 d3 40.
Ra6 Ne4 41. b6 d2 42. Ra1 1-0

[Event "SR Extraliga 2017/2018"]
[Site "?"]
[Date "2018.03.04"]
[Round "11.6"]
[White "Kamody, Mario"]
[Black "Veres, Andrej"]
[Result "1/2-1/2"]
[WhiteElo "2237"]
[BlackElo "2218"]
[PlyCount "98"]
[EventDate "2017.??.??"]

1. Nf3 Nf6 2. g3 b6 3. Bg2 Bb7 4. O-O e6 5. c4 Be7 6. d4 O-O 7. Nc3 d5 8. Ne5
Na6 9. cxd5 exd5 10. Be3 c5 11. Rc1 Ne4 12. f3 Nxc3 13. bxc3 c4 14. Bd2 b5 15.
Rb1 Nc7 16. e4 Qc8 17. Rf2 f6 18. Ng4 dxe4 19. fxe4 f5 20. exf5 Bxg2 21. Rxg2
Qxf5 22. Bf4 Ne6 23. Rf2 Qd5 24. Ne5 b4 25. Qf3 Qxf3 26. Rxf3 a5 27. Bd2 Bf6
28. Kg2 Bxe5 29. Rxf8+ Rxf8 30. dxe5 Nc5 31. cxb4 Nd3 32. bxa5 Rf2+ 33. Kh3
Rxd2 34. e6 Kf8 35. Rb7 Nf2+ 36. Kg2 Ne4+ 37. Kf3 Ng5+ 38. Ke3 Rxa2 39. e7+ Ke8
40. Ra7 c3 41. a6 c2 42. Rc7 Ne6 43. Rc4 Nd4 44. Rc8+ Kxe7 45. Kxd4 Kd7 46. Rc3
Kd6 47. a7 Rxa7 48. Rxc2 Ra4+ 49. Ke3 Rb4 1/2-1/2

[Event "SR Extraliga 2017/2018"]
[Site "?"]
[Date "2018.03.04"]
[Round "11.7"]
[White "Sukuba, Zdeno"]
[Black "Zatko, Gregor"]
[Result "1/2-1/2"]
[WhiteElo "2172"]
[BlackElo "2152"]
[PlyCount "90"]
[EventDate "2017.??.??"]

1. c4 e5 2. Nc3 Nf6 3. g3 Bb4 4. Bg2 Bxc3 5. dxc3 d6 6. Nf3 Nc6 7. O-O Be6 8.
Qa4 O-O 9. Rd1 Qe7 10. Ng5 Bd7 11. Qc2 h6 12. Nf3 a5 13. b3 a4 14. Ba3 e4 15.
Nd4 Rfe8 16. Nb5 Bf5 17. Qd2 Rad8 18. Qf4 Bh7 19. c5 d5 20. Qxc7 Rd7 21. Qf4 g5
22. Qd2 Qe6 23. Nd6 Ree7 24. Bc1 Ne5 25. Qd4 Rc7 26. b4 Nc4 27. Nxc4 dxc4 28.
Qd8+ Kg7 29. Be3 Red7 30. Rxd7 Rxd7 31. Qb6 Qxb6 32. cxb6 Nd5 33. Bd4+ Kg8 34.
e3 Bf5 35. Bf1 Be6 36. Bxc4 Ne7 37. Bxe6 fxe6 38. a3 g4 39. Kf1 Nc6 40. b5 Na5
41. Rb1 e5 42. Rb4 exd4 43. exd4 Nb3 44. Rxa4 Nc1 45. Rc4 Rd6 1/2-1/2

[Event "SR Extraliga 2017/2018"]
[Site "?"]
[Date "2018.03.04"]
[Round "11.8"]
[White "Turcan, Richard"]
[Black "Bombek, Peter"]
[Result "1/2-1/2"]
[WhiteElo "2146"]
[BlackElo "2224"]
[PlyCount "78"]
[EventDate "2017.??.??"]

1. d4 Nf6 2. Nf3 d5 3. e3 e6 4. Bd3 Be7 5. O-O O-O 6. Nbd2 c5 7. c3 b6 8. Ne5
Bb7 9. b3 Nc6 10. Bb2 Rc8 11. f4 Na5 12. f5 Qd6 13. fxe6 fxe6 14. Ba3 Nc6 15.
Ndf3 Qd8 16. Ng5 Nxe5 17. dxe5 Ne4 18. Rxf8+ Bxf8 19. Nxe6 Qe7 20. Qg4 Re8 21.
Nxf8 Rxf8 22. Bxe4 dxe4 23. Rf1 Rxf1+ 24. Kxf1 Qxe5 25. Qd7 Ba6+ 26. Kg1 h6 27.
Bb2 Bd3 28. Qg4 Qf6 29. Qf4 Qxf4 30. exf4 Kf7 31. Kf2 Ke6 32. Ke3 Kf5 33. h3 h5
34. Bc1 b5 35. Ba3 c4 36. bxc4 Bxc4 37. Bc5 a6 38. a3 Bf1 39. g4+ hxg4 1/2-1/2

[Event "SR Extraliga 2017/2018"]
[Site "?"]
[Date "2018.03.04"]
[Round "11.1"]
[White "Mazur, Stefan"]
[Black "Martinovic, Sasa"]
[Result "0-1"]
[WhiteElo "2439"]
[BlackElo "2604"]
[PlyCount "56"]
[EventDate "2017.??.??"]

1. e4 c5 2. Nf3 d6 3. d4 cxd4 4. Nxd4 Nf6 5. Nc3 a6 6. h4 e5 7. Nb3 Be7 8. Bg5
Be6 9. Bxf6 Bxf6 10. g3 O-O 11. Qd2 a5 12. a4 Na6 13. Bh3 Bxh3 14. Rxh3 Nb4 15.
O-O-O b5 16. Nxb5 Qd7 17. Rdh1 Rac8 18. c3 Qg4 19. Na1 Qxe4 20. Nc2 Nd3+ 21.
Kb1 Nxb2 22. Kxb2 Qxa4 23. Nca3 Rc5 24. Rb1 Rxb5+ 25. Nxb5 Qxb5+ 26. Ka1 Qc4
27. Qxd6 Qa4+ 28. Kb2 Rd8 0-1

[Event "SR Extraliga 2017/2018"]
[Site "?"]
[Date "2018.03.04"]
[Round "11.2"]
[White "Michalik, Peter"]
[Black "Rojicek, Vojtech"]
[Result "1/2-1/2"]
[WhiteElo "2555"]
[BlackElo "2387"]
[PlyCount "95"]
[EventDate "2017.??.??"]

1. e4 e6 2. d4 d5 3. Nc3 Nf6 4. e5 Nfd7 5. f4 c5 6. Nf3 Nc6 7. Be3 a6 8. Qd2 b5
9. a3 Qa5 10. dxc5 Bxc5 11. Bxc5 Nxc5 12. Nd4 Nxd4 13. Qxd4 Na4 14. Qb4 Qc7 15.
Nxa4 bxa4 16. Qxa4+ Bd7 17. Qb3 Rb8 18. Qc3 Qb6 19. O-O-O O-O 20. Qd4 Qa5 21.
Qd2 Qc7 22. Qc3 Qb7 23. Qd4 Rfc8 24. Bd3 Qb3 25. Kd2 Qxb2 26. Qxb2 Rxb2 27. Rb1
Ra2 28. Ra1 Rxa1 29. Rxa1 Bb5 30. Rb1 Bxd3 31. cxd3 h5 32. Rb6 Rc5 33. Rxa6 Rb5
34. Rc6 Ra5 35. Rc3 Kh7 36. Ke3 Ra4 37. Kf3 Kg6 38. h3 f6 39. exf6 Kxf6 40. g3
g6 41. Rb3 Kf5 42. Ke3 Kf6 43. d4 Kf5 44. Rd3 Rc4 45. Kf3 Rc1 46. g4+ hxg4+ 47.
hxg4+ Kf6 48. Re3 1/2-1/2

[Event "SR Extraliga 2017/2018"]
[Site "?"]
[Date "2018.03.04"]
[Round "11.4"]
[White "Stohl, Igor"]
[Black "Cech, Pavel"]
[Result "1-0"]
[WhiteElo "2502"]
[BlackElo "2349"]
[PlyCount "139"]
[EventDate "2017.??.??"]

1. c4 c6 2. d4 d5 3. Nf3 Nf6 4. e3 Bf5 5. Nc3 e6 6. Nh4 Bg6 7. Be2 Nbd7 8. O-O
Be7 9. g3 O-O 10. Nxg6 hxg6 11. b3 a6 12. Bf3 b5 13. Qe2 bxc4 14. bxc4 Qa5 15.
Bd2 Qa3 16. Rfb1 Rab8 17. c5 Rxb1+ 18. Rxb1 Rb8 19. Qd1 Rxb1 20. Qxb1 Bd8 21.
Qc2 Qb4 22. Nxd5 Qb7 23. Nb4 Nd5 24. Nxd5 cxd5 25. Qa4 Nf6 26. Qb3 Qc7 27. Be2
a5 28. Qb5 g5 29. Be1 g6 30. h3 Kg7 31. Kg2 Ng8 32. f3 Ne7 33. g4 f5 34. Qe8 f4
35. Bd2 e5 36. Bc3 fxe3 37. dxe5 Nc6 38. Bb5 d4 39. Bb2 Nxe5 40. Bxd4 Bf6 41.
Bxe3 Qb7 42. Be2 Qb2 43. Qb5 Qxa2 44. Kf2 a4 45. c6 Qc2 46. Qb7+ Kh6 47. c7
Nd3+ 48. Kf1 Nc1 49. Qa6 Nxe2 50. c8=Q Ng3+ 51. Kg1 Ne2+ 52. Kf1 Ng3+ 53. Kg1
Ne2+ 54. Kf2 Nc3+ 55. Kf1 Qb1+ 56. Kg2 Qa2+ 57. Bf2 Nd5 58. Qf8+ Bg7 59. Qc5
Nf4+ 60. Kg3 Ne2+ 61. Kh2 Nd4 62. Qf1 Nxf3+ 63. Kh1 Nd2 64. Qe2 Qb1+ 65. Kh2
Ne4 66. Qcc2 Qb8+ 67. Kg2 Nc3 68. Qed3 Qb7+ 69. Kg1 Qc6 70. Bd4 1-0

[Event "SR Extraliga 2017/2018"]
[Site "?"]
[Date "2018.03.04"]
[Round "11.5"]
[White "Hrabusa, Matej"]
[Black "Schwarz, Dusan"]
[Result "1/2-1/2"]
[WhiteElo "2367"]
[BlackElo "2295"]
[PlyCount "31"]
[EventDate "2017.??.??"]

1. d4 d5 2. Bf4 Nf6 3. e3 c5 4. c3 Nc6 5. Nd2 Bf5 6. Ngf3 e6 7. Qb3 Qb6 8. Nh4
Bg4 9. h3 Bh5 10. g4 Bg6 11. Nxg6 hxg6 12. Bg2 Be7 13. dxc5 Bxc5 14. Qxb6 Bxb6
15. e4 O-O-O 16. Bg5 1/2-1/2

[Event "SR Extraliga 2017/2018"]
[Site "?"]
[Date "2018.03.04"]
[Round "11.6"]
[White "Banas, Kamil"]
[Black "Hros, Roman"]
[Result "1-0"]
[WhiteElo "2242"]
[BlackElo "2222"]
[PlyCount "89"]
[EventDate "2017.??.??"]

1. e4 e5 2. Nf3 Nc6 3. Bb5 a6 4. Ba4 Nf6 5. O-O Be7 6. Re1 b5 7. Bb3 O-O 8. h3
d6 9. c3 Na5 10. Bc2 c5 11. d4 Qc7 12. Nbd2 cxd4 13. cxd4 Nc6 14. Nb3 a5 15.
Be3 a4 16. Nbd2 Bd7 17. Rc1 Qb7 18. Nf1 Rfe8 19. Bb1 Bd8 20. Ng3 Na5 21. Nd2
Nc6 22. d5 Ne7 23. Kh2 Bb6 24. Qe2 Qa7 25. Bd3 Bxe3 26. fxe3 Qb6 27. Rf1 Rac8
28. Rce1 Kh8 29. Rxf6 gxf6 30. Nh5 Qd8 31. Nxf6 Ng8 32. Nxd7 Qxd7 33. Bxb5 Qc7
34. Bxe8 Rxe8 35. Qc4 Qa5 36. Re2 Ne7 37. Rf2 Kg8 38. Qf1 Rf8 39. Qd1 Qc5 40.
Nf1 Qc4 41. Ng3 Qxa2 42. Qg4+ Ng6 43. Qf5 Qb3 44. Qf6 Qxe3 45. Nf5 1-0

[Event "SR Extraliga 2017/2018"]
[Site "?"]
[Date "2018.03.04"]
[Round "11.7"]
[White "Tropp, Oliver"]
[Black "Federic, Jozef"]
[Result "1/2-1/2"]
[WhiteElo "2197"]
[BlackElo "2220"]
[PlyCount "59"]
[EventDate "2017.??.??"]

1. c4 e6 2. g3 Nf6 3. Bg2 d5 4. Nf3 Be7 5. O-O O-O 6. b3 c5 7. Ne5 Nbd7 8. Nxd7
Bxd7 9. Bb2 Bc6 10. Nc3 Rc8 11. cxd5 Nxd5 12. Qc1 Nxc3 13. Qxc3 Bf6 14. Qc2
Bxb2 15. Qxb2 Bxg2 16. Kxg2 Qd5+ 17. Kg1 Rfd8 18. d3 e5 19. Rac1 Rc6 20. Rc2 b6
21. Qa3 a5 22. Qa4 Re6 23. Rc4 Qd7 24. Qxd7 Rxd7 25. Rfc1 Kf8 26. Kg2 Red6 27.
f3 Rd4 28. g4 Ke7 29. a4 R7d6 30. Kf2 1/2-1/2

[Event "SR Extraliga 2017/2018"]
[Site "?"]
[Date "2018.03.04"]
[Round "11.8"]
[White "Machata, Martin"]
[Black "Palecek, Peter"]
[Result "1/2-1/2"]
[WhiteElo "2209"]
[BlackElo "2248"]
[PlyCount "31"]
[EventDate "2017.??.??"]

1. Nf3 d5 2. c4 c6 3. g3 Nf6 4. Bg2 g6 5. Qa4 Nbd7 6. cxd5 Nb6 7. Qh4 cxd5 8.
Nc3 Bg7 9. d3 h6 10. Qb4 O-O 11. O-O Re8 12. Bf4 Nfd7 13. Rfc1 e5 14. Bd2 a6
15. Ne1 Nf6 16. Qa5 1/2-1/2

[Event "SR Extraliga 2017/2018"]
[Site "?"]
[Date "2018.03.04"]
[Round "11.1"]
[White "Krejci, Jan"]
[Black "Cvek, Robert"]
[Result "1-0"]
[WhiteElo "2579"]
[BlackElo "2510"]
[PlyCount "83"]
[EventDate "2017.??.??"]

1. d4 Nf6 2. c4 g6 3. Nf3 Bg7 4. g3 d6 5. Bg2 O-O 6. Nc3 Nc6 7. O-O Bg4 8. d5
Na5 9. Nd2 c5 10. h3 Bd7 11. Qc2 a6 12. b3 b5 13. Bb2 Rb8 14. Rab1 Qc7 15. e4
e5 16. Ne2 h5 17. f4 bxc4 18. bxc4 h4 19. g4 exf4 20. Nxf4 Nh7 21. Bxg7 Kxg7
22. Qc3+ Kg8 23. Rxb8 Rxb8 24. e5 dxe5 25. d6 Qxd6 26. Nd5 Nc6 27. Ne4 Qe6 28.
Nef6+ Nxf6 29. Nxf6+ Kg7 30. Nxd7 Nd4 31. Qe3 Rb2 32. Nxc5 Qe7 33. Ne4 f5 34.
gxf5 gxf5 35. Nd2 Rxa2 36. Kh1 Ra3 37. Qf2 Rg3 38. Re1 Qd6 39. Nf1 Rg6 40. Ne3
f4 41. Ng4 f3 42. Bxf3 1-0

[Event "SR Extraliga 2017/2018"]
[Site "?"]
[Date "2018.03.04"]
[Round "11.2"]
[White "Pechac, Jergus"]
[Black "Leniart, Arkadiusz"]
[Result "1/2-1/2"]
[WhiteElo "2440"]
[BlackElo "2482"]
[PlyCount "96"]
[EventDate "2017.??.??"]

1. c3 d5 2. Nf3 Nf6 3. d4 c5 4. e3 e6 5. Bb5+ Bd7 6. Bd3 Nc6 7. Nbd2 cxd4 8.
exd4 Bd6 9. O-O Qc7 10. Re1 h6 11. Qe2 O-O-O 12. b4 Kb8 13. a4 Bc8 14. Ba3 Rhe8
15. Ne5 Bxe5 16. dxe5 Ne4 17. Nxe4 dxe4 18. Qxe4 Qxe5 19. Qxe5+ Nxe5 20. Bb5
Nc6 21. c4 f6 22. a5 a6 23. Ba4 Rd4 24. b5 axb5 25. Bxb5 Bd7 26. Bc5 Rd3 27.
Reb1 Ne5 28. a6 Bxb5 29. Rxb5 Kc7 30. axb7 Rb8 31. Rab1 Nc6 32. Bb6+ Kd7 33.
Be3 Ke8 34. g4 Rd7 35. Kg2 Nd8 36. c5 Rdxb7 37. Rxb7 Rxb7 38. Rxb7 Nxb7 39. c6
Na5 40. c7 Kd7 41. Bc5 Kxc7 42. Bf8 g6 43. Bg7 f5 44. Bxh6 Kd6 45. h4 fxg4 46.
Kg3 Ke7 47. Kxg4 Nc4 48. h5 gxh5+ 1/2-1/2

[Event "SR Extraliga 2017/2018"]
[Site "?"]
[Date "2018.03.04"]
[Round "11.3"]
[White "Klekowski, Maciej"]
[Black "Rohacek, Miroslav"]
[Result "1-0"]
[WhiteElo "2489"]
[BlackElo "2252"]
[PlyCount "71"]
[EventDate "2017.??.??"]

1. c4 c5 2. Nf3 Nc6 3. d4 cxd4 4. Nxd4 Nf6 5. Nc3 g6 6. Nc2 Bg7 7. e4 d6 8. Be2
Be6 9. O-O O-O 10. Be3 Rc8 11. f3 Nd7 12. Qd2 f5 13. exf5 gxf5 14. Rac1 Qe8 15.
Rfe1 Qg6 16. f4 Nf6 17. Nd4 Nxd4 18. Bxd4 Ne4 19. Nxe4 Bxd4+ 20. Qxd4 fxe4 21.
Rc3 Qf6 22. Qxe4 Bf5 23. Qe3 b6 24. Bf3 Rf7 25. Bb7 Rc7 26. Bd5 e6 27. Bf3 Rfe7
28. Rd1 e5 29. fxe5 Rxe5 30. Qd2 Rce7 31. Qxd6 Qh4 32. Qd8+ Kg7 33. Qd4 Qf6 34.
Qf2 R7e6 35. Bd5 Re7 36. Rf1 1-0

[Event "SR Extraliga 2017/2018"]
[Site "?"]
[Date "2018.03.04"]
[Round "11.4"]
[White "Jablonicky, Martin"]
[Black "Druska, Juraj"]
[Result "1/2-1/2"]
[WhiteElo "2338"]
[BlackElo "2427"]
[PlyCount "30"]
[EventDate "2017.??.??"]

1. Nf3 Nf6 2. g3 c5 3. Bg2 Nc6 4. O-O e5 5. d3 Be7 6. Nc3 O-O 7. Bg5 d6 8. Nd2
Be6 9. Bxf6 Bxf6 10. Nd5 Be7 11. c4 Rb8 12. Nb1 a6 13. a4 Qd7 14. Nbc3 Bd8 15.
e3 Ba5 1/2-1/2

[Event "SR Extraliga 2017/2018"]
[Site "?"]
[Date "2018.03.04"]
[Round "11.5"]
[White "Manik, Mikulas"]
[Black "Gasa, Andrej"]
[Result "1-0"]
[WhiteElo "2423"]
[BlackElo "2283"]
[PlyCount "67"]
[EventDate "2017.??.??"]

1. e4 c5 2. Nf3 d6 3. d4 cxd4 4. Nxd4 Nf6 5. Nc3 a6 6. Be2 e6 7. Be3 b5 8. Bf3
e5 9. Nf5 Bb7 10. g4 g6 11. Ng3 b4 12. Nd5 Nxd5 13. exd5 Nd7 14. h4 Be7 15. h5
Rg8 16. hxg6 hxg6 17. a3 bxa3 18. Rxa3 Rc8 19. b3 Qc7 20. c4 Rf8 21. Qd2 Rb8
22. g5 Bc8 23. Ne4 Qb7 24. c5 Qb4 25. Nxd6+ Bxd6 26. Qxb4 Rxb4 27. cxd6 f5 28.
gxf6 Rxf6 29. Be2 Rb8 30. Bxa6 Rxd6 31. Rh8+ Nf8 32. Rxf8+ Kxf8 33. Bc5 Ke7 34.
Bxc8 1-0